• 首页
  • 本馆介绍
  • 公告通知
  • 最新文献
  • 馆藏检索
  • 电子资源
  • 读者导购
  • 参考咨询
  • 我的图书馆
  • 登录
  • 详细信息显示
  • 放入我的书架
  • 预约/预借图书
  • 作者相关作品
  • 分类相关作品
  • 丛书相关作品
  • 出版社相关作品

书目信息

  • 表格格式
  • 工作单格式
  • 卡片格式
题名:
江南文化研究
    
 
作者: 梅新林 主编 ;浙江省社会科学重点研究基地 , 浙江师范大学江南文化研究中心 编
分册: 第6辑   首届江南文化论坛专辑
出版信息: 北京   学苑出版社  2012.12
页数: 294页
开本: 30cm
丛书名:
单 册:
中图分类: K295 , K825.6=48
科图分类:
主题词: 文化史--研究--华东地区 , 文化史
电子资源:
ISBN: 978-7-5077-4185-8
000 01335nam0 2200325 450
001 010700119022
005 20130427090332.71
010    @a978-7-5077-4185-8@dCNY75.00,CNY150.00(全2册)
100    @a20130226d2012 em y0chiy50 ea
101 0  @achi
102    @aCN@b110000
105    @ak z 000yy
106    @ar
200 1  @a江南文化研究@9jiang nan wen hua yan jiu@h第6辑@h上@i首届江南文化论坛专辑@f梅新林主编@g浙江省社会科学重点研究基地,浙江师范大学江南文化研究中心[编]
210    @a北京@c学苑出版社@d2012.12
215    @a294页@d30cm
312    @a封面英文题名:Jiangnan culture studies
330    @a本书共分为上、下两册,主要内容包括:剑与箫:江南文化精神的二重演绎、关于地域(文学)研究的若干理论思考、水乡的诗学——中国文学与艺术中关于“水乡”的一些美感经验等。
510 1  @aJiangnan culture studies@zeng
600  0 @a宋濂@f(1310-1381)@x人物研究
600  0 @a宋濂@f(1310-1381)
606 0  @a文化史@x研究@y华东地区
606 0  @a文化史
690    @aK295@v5
690    @aK825.6=48@v5
701  0 @a梅新林@9mei xin lin@4主编
712 02 @a浙江省社会科学重点研究基地@9zhe jiang sheng she hui ke xue zhong dian yan jiu ji di@4编
712 02 @a浙江师范大学江南文化研究中心@9zhe jiang shi fan da xue jiang nan wen hua yan jiu zhong xin@4编
801  0 @aCN@b人天书店@c20130226
905    @b542286-88@dK295@e188:1@f3
    
    江南文化研究.第6辑.上.首届江南文化论坛专辑/梅新林主编/浙江省社会科学重点研究基地,浙江师范大学江南文化研究中心[编].-北京:学苑出版社,2012.12
    294页;30cm
    
    
    ISBN 978-7-5077-4185-8:CNY75.00,CNY150.00(全2册)
    本书共分为上、下两册,主要内容包括:剑与箫:江南文化精神的二重演绎、关于地域(文学)研究的若干理论思考、水乡的诗学——中国文学与艺术中关于“水乡”的一些美感经验等。
●
相关链接 在E读中查询图书 在五车中查询图书 在当当中查询图书 在豆瓣中查询图书


正题名:江南文化研究     索取号:K295/188:1         预约/预借

序号 登录号 条形码 馆藏地/架位号 状态 备注
1 542286   205422862   第二样本阅览室/ [索取号:K295/188:1] 在馆    
2 542287   205422871   第二借阅区/ [索取号:K295/188:1] 在馆    
3 542288   205422880   密集书库-史法系/ [索取号:K295/188:1] 在馆    
唐山师范学院图书馆 欢迎您!
大连网信软件有限公司© 版权所有